Statistics for Top 15 Countries with Covid-19 Deaths - 18 September

Click here to take the quiz!

General Stats

  • This quiz has been taken 19 times
  • The average score is 16 of 20

Answer Stats

country% Correct
Brazil
100%
Italy
100%
United Kingdom
100%
United States
100%
India
94%
Mexico
94%
Spain
94%
Argentina
88%
France
88%
Russia
88%
Chile
81%
Peru
81%
Colombia
75%
Sweden
75%
Belgium
69%
Bolivia
63%
Ecuador
63%
Iran
63%
South Africa
63%
Panama
50%

Score Distribution

Percentile by Number Answered

Percent of People with Each Score

Your Score History

You have not taken this quiz